| 000 | 01177ngm a22003010a 4500 | ||
|---|---|---|---|
| 001 | PT19566 | ||
| 003 | AR-LpoUNG | ||
| 005 | 20210202000318.0 | ||
| 007 | vd cvaizq | ||
| 008 | 191001s1947||||ag |||||||||||||||||ger d | ||
| 037 | _c$9,97 | ||
| 040 |
_aAR-LpoUNG _bspa _cAR-LpoUNG _eaacr |
||
| 041 | _ager | ||
| 044 | _aag | ||
| 082 | 0 | _a943.086 828ale | |
| 100 | 1 |
_aRossellini, Roberto _edir. |
|
| 245 | 1 | 0 | _aAlemania año cero |
| 260 |
_aBuenos Aires : _bCultural Video, _c1947. |
||
| 300 | _aVHS (78 min.) : son., byn | ||
| 505 | 0 | _aDiálogos en alemán, subtítulos en castellano | |
| 520 | _aHistoria de una familia a la deriva en la Alemania devastada luego de la guerra: un padre enfermo, un hijo que se oculta por haber sido un SS, una hija prostituta. Solo Edmund, un chico, parece adaptarse a las miserias de la epoca asegurando la subsistencia de los suyos. Sin embargo bajo la influencia de un antiguo profesor nazi, envenena al padre. La obra demuestra la descomposición de la sociedad alemana luego del derrumbe nazi. | ||
| 650 | 4 | _aALEMANIA | |
| 651 | 4 | _aDinamarca | |
| 653 | _aFASCISMO | ||
| 653 | _aVIDEOS | ||
| 905 | _a19566 | ||
| 942 | _cVIDEO | ||
| 999 |
_c54596 _d54596 |
||